[Event "II. rocnik Poharu plk. gst. Aloise Parala"]
[Site "?"]
[Date "2024.04.20"]
[Round "1.1"]
[White "Buchnicek, Petr"]
[Black "Hrdlicka, Vladan"]
[Result "1-0"]
[BlackElo "1894"]
[WhiteElo "2212"]
[LiveChessVersion "1.4.8"]

1. d4 {[%clk 0:14:57]} Nf6 {[%clk 0:14:58]} 2. Bg5 {[%clk 0:14:55]} Ne4
{[%clk 0:14:53]} 3. h4 {[%clk 0:14:54]} Nxg5 {[%clk 0:14:26]} 4. hxg5
{[%clk 0:14:52]} e6 {[%clk 0:14:21]} 5. g6 {[%clk 0:14:31]} Qg5 {[%clk 0:12:32]}
6. gxf7+ {[%clk 0:14:12]} Kxf7 {[%clk 0:12:29]} 7. Nf3 {[%clk 0:14:02]} Qa5+
{[%clk 0:11:42]} 8. c3 {[%clk 0:14:00]} d6 {[%clk 0:10:48]} 9. e4
{[%clk 0:13:34]} Nc6 {[%clk 0:10:21]} 10. Qd2 {[%clk 0:12:18]} Be7
{[%clk 0:10:02]} 11. Qf4+ {[%clk 0:12:12]} Ke8 {[%clk 0:09:45]} 12. Nbd2
{[%clk 0:12:02]} g5 {[%clk 0:08:56]} 13. Qg4 {[%clk 0:11:39]} h5 {[%clk 0:07:39]}
14. Rxh5 {[%clk 0:11:34]} Rxh5 {[%clk 0:07:36]} 15. Qxh5+ {[%clk 0:11:33]} Kd7
{[%clk 0:07:31]} 16. Nc4 {[%clk 0:11:25]} Qa4 {[%clk 0:07:13]} 17. b3
{[%clk 0:11:21]} Qa6 {[%clk 0:06:36]} 18. Nce5+ {[%clk 0:11:20]} dxe5
{[%clk 0:06:33]} 19. Bxa6 {[%clk 0:11:18]} bxa6 {[%clk 0:06:32]} 20. d5
{[%clk 0:11:09]} Nd8 {[%clk 0:06:13]} 21. Nxe5+ {[%clk 0:11:07]} Kd6
{[%clk 0:06:03]} 22. Nc4+ {[%clk 0:10:59]} Kd7 {[%clk 0:05:54]} 23. Qd1 1-0

[Event "II. rocnik Poharu plk. gst. Aloise Parala"]
[Site "?"]
[Date "2024.04.20"]
[Round "1.2"]
[White "Stepan, Petr"]
[Black "Bures, Vit"]
[Result "0-1"]
[BlackElo "2182"]
[WhiteElo "1835"]
[LiveChessVersion "1.4.8"]

1. d4 {[%clk 0:14:58]} d5 {[%clk 0:14:59]} 2. c4 {[%clk 0:14:57]} c6
{[%clk 0:14:59]} 3. Nc3 {[%clk 0:14:55]} Nf6 {[%clk 0:14:58]} 4. Nf3
{[%clk 0:14:54]} e6 {[%clk 0:14:57]} 5. Bg5 {[%clk 0:14:53]} dxc4
{[%clk 0:14:56]} 6. e3 {[%clk 0:14:52]} b5 {[%clk 0:14:54]} 7. a4
{[%clk 0:14:51]} Bb4 {[%clk 0:14:52]} 8. Qc2 {[%clk 0:14:22]} Bb7
{[%clk 0:14:23]} 9. Be2 {[%clk 0:14:20]} a6 {[%clk 0:14:15]} 10. O-O
{[%clk 0:14:15]} Nbd7 {[%clk 0:14:12]} 11. e4 {[%clk 0:13:55]} h6
{[%clk 0:13:54]} 12. Bh4 {[%clk 0:13:53]} Qb6 {[%clk 0:13:46]} 13. e5
{[%clk 0:13:52]} Nd5 {[%clk 0:13:43]} 14. Ne4 {[%clk 0:13:50]} O-O
{[%clk 0:13:36]} 15. Rfd1 {[%clk 0:13:28]} c5 {[%clk 0:13:15]} 16. dxc5
{[%clk 0:12:57]} Nxc5 {[%clk 0:13:04]} 17. Nd6 {[%clk 0:12:50]} Nb3
{[%clk 0:12:46]} 18. Ra2 {[%clk 0:12:15]} Bxd6 {[%clk 0:12:35]} 19. exd6
{[%clk 0:12:12]} Qxd6 {[%clk 0:12:02]} 20. axb5 {[%clk 0:12:10]} axb5
{[%clk 0:11:57]} 21. Rxa8 {[%clk 0:12:06]} Rxa8 {[%clk 0:11:49]} 22. Bg3
{[%clk 0:12:03]} Qc5 {[%clk 0:11:19]} 23. h3 {[%clk 0:11:54]} Nf6
{[%clk 0:10:23]} 24. Nd2 {[%clk 0:10:19]} Nd4 {[%clk 0:10:12]} 0-1

[Event "II. rocnik Poharu plk. gst. Aloise Parala"]
[Site "?"]
[Date "2024.04.20"]
[Round "1.3"]
[White "Kulovana, Eva"]
[Black "Skaroupka, Petr"]
[Result "1-0"]
[BlackElo "1841"]
[WhiteElo "2070"]
[LiveChessVersion "1.4.8"]

1. e4 {[%clk 0:14:52]} e6 {[%clk 0:14:54]} 2. d4 {[%clk 0:14:49]} d5
{[%clk 0:14:51]} 3. Nd2 {[%clk 0:14:46]} Nf6 {[%clk 0:14:47]} 4. e5
{[%clk 0:14:44]} Nfd7 {[%clk 0:14:44]} 5. Bd3 {[%clk 0:14:41]} c5
{[%clk 0:14:39]} 6. c3 {[%clk 0:14:39]} Nc6 {[%clk 0:14:35]} 7. Ne2
{[%clk 0:14:37]} Qb6 {[%clk 0:14:13]} 8. Nf3 {[%clk 0:14:31]} cxd4
{[%clk 0:13:44]} 9. cxd4 {[%clk 0:14:29]} Bb4+ {[%clk 0:13:33]} 10. Bd2
{[%clk 0:14:25]} O-O {[%clk 0:13:25]} 11. O-O {[%clk 0:14:21]} f6
{[%clk 0:11:47]} 12. exf6 {[%clk 0:14:02]} Nxf6 {[%clk 0:11:37]} 13. Bxb4
{[%clk 0:12:19]} Nxb4 {[%clk 0:10:17]} 14. Bb1 {[%clk 0:12:17]} Bd7
{[%clk 0:09:57]} 15. Nc3 {[%clk 0:11:40]} Be8 {[%clk 0:08:58]} 16. Ne5
{[%clk 0:11:07]} Bh5 {[%clk 0:08:37]} 17. Qd2 {[%clk 0:11:04]} Nc6
{[%clk 0:07:42]} 18. Nxc6 {[%clk 0:10:52]} Qxc6 {[%clk 0:07:09]} 19. Bd3
{[%clk 0:09:49]} a6 {[%clk 0:06:52]} 20. Rac1 {[%clk 0:09:46]} Qd6
{[%clk 0:06:37]} 21. h3 {[%clk 0:09:34]} Rac8 {[%clk 0:06:28]} 22. Rfe1
{[%clk 0:09:32]} b5 {[%clk 0:05:08]} 23. a3 {[%clk 0:09:11]} Nd7 {[%clk 0:04:53]}
24. Qe3 {[%clk 0:08:33]} Rfe8 {[%clk 0:04:27]} 25. Ne2 {[%clk 0:07:33]} e5
{[%clk 0:04:16]} 26. Rxc8 {[%clk 0:07:12]} Rxc8 {[%clk 0:04:14]} 27. dxe5
{[%clk 0:07:03]} Qxe5 {[%clk 0:04:02]} 28. Nf4 {[%clk 0:06:20]} Qxe3
{[%clk 0:03:53]} 29. Rxe3 {[%clk 0:06:18]} Bf7 {[%clk 0:03:33]} 30. Re7
{[%clk 0:06:01]} Nf6 {[%clk 0:02:58]} 31. Ra7 {[%clk 0:05:35]} Rc1+
{[%clk 0:02:52]} 32. Kh2 {[%clk 0:05:34]} Rd1 {[%clk 0:02:51]} 33. Rxa6
{[%clk 0:04:42]} Rd2 {[%clk 0:02:44]} 34. Bxb5 {[%clk 0:04:31]} h6
{[%clk 0:02:26]} 35. Nd3 {[%clk 0:04:04]} Ne4 {[%clk 0:02:19]} 36. f3
{[%clk 0:03:45]} Nf2 {[%clk 0:01:35]} 37. Nxf2 {[%clk 0:03:39]} Rxf2
{[%clk 0:01:33]} 38. b4 {[%clk 0:03:29]} d4 {[%clk 0:01:29]} 39. Rd6
{[%clk 0:03:27]} Rd2 {[%clk 0:01:27]} 40. a4 {[%clk 0:03:16]} Bg6
{[%clk 0:01:17]} 41. Rxg6 {[%clk 0:03:13]} 1-0

[Event "II. rocnik Poharu plk. gst. Aloise Parala"]
[Site "?"]
[Date "2024.04.20"]
[Round "1.4"]
[White "Kabat, Josef"]
[Black "Richterova, Natasa"]
[Result "0-1"]
[BlackElo "2084"]
[WhiteElo "1854"]
[LiveChessVersion "1.4.8"]

1. c4 {[%clk 0:14:57]} Nf6 {[%clk 0:14:59]} 2. Nc3 {[%clk 0:14:54]} c6
{[%clk 0:14:58]} 3. g3 {[%clk 0:14:28]} d5 {[%clk 0:14:56]} 4. cxd5
{[%clk 0:14:27]} cxd5 {[%clk 0:14:55]} 5. d4 {[%clk 0:14:20]} Nc6
{[%clk 0:14:51]} 6. Bg2 {[%clk 0:14:14]} h6 {[%clk 0:14:29]} 7. Nf3
{[%clk 0:14:06]} a6 {[%clk 0:14:15]} 8. O-O {[%clk 0:12:48]} e6 {[%clk 0:13:47]}
9. a3 {[%clk 0:12:34]} Bd6 {[%clk 0:13:44]} 10. Re1 {[%clk 0:12:30]} O-O
{[%clk 0:13:41]} 11. e4 {[%clk 0:12:07]} dxe4 {[%clk 0:13:39]} 12. Nxe4
{[%clk 0:12:06]} Nxe4 {[%clk 0:13:38]} 13. Rxe4 {[%clk 0:12:04]} Ne7
{[%clk 0:13:24]} 14. Bd2 {[%clk 0:11:29]} b5 {[%clk 0:11:57]} 15. Re1
{[%clk 0:10:57]} Bb7 {[%clk 0:11:55]} 16. Rc1 {[%clk 0:10:50]} Rc8
{[%clk 0:11:54]} 17. Qe2 {[%clk 0:10:01]} Nf5 {[%clk 0:11:44]} 18. Bc3
{[%clk 0:09:44]} Re8 {[%clk 0:11:08]} 19. Red1 {[%clk 0:09:39]} Bd5
{[%clk 0:11:07]} 20. Ne5 {[%clk 0:09:29]} Bxg2 {[%clk 0:11:04]} 21. Kxg2
{[%clk 0:09:27]} Ne7 {[%clk 0:09:56]} 22. f3 {[%clk 0:09:05]} Nd5
{[%clk 0:09:55]} 23. Be1 {[%clk 0:09:02]} Qb6 {[%clk 0:09:42]} 24. Bf2
{[%clk 0:08:59]} Rc7 {[%clk 0:09:00]} 25. Qd2 {[%clk 0:08:22]} Rec8
{[%clk 0:08:55]} 26. Rxc7 {[%clk 0:08:20]} Qxc7 {[%clk 0:08:53]} 27. Nd3
{[%clk 0:08:05]} Qc2 {[%clk 0:08:39]} 28. Nc5 {[%clk 0:07:40]} Qxd2
{[%clk 0:08:15]} 29. Rxd2 {[%clk 0:07:39]} Bxc5 {[%clk 0:07:38]} 30. dxc5
{[%clk 0:07:37]} a5 {[%clk 0:07:37]} 31. Rc2 {[%clk 0:06:46]} Rc6
{[%clk 0:07:31]} 32. f4 {[%clk 0:06:27]} g6 {[%clk 0:07:31]} 33. Kf3
{[%clk 0:06:25]} Kf8 {[%clk 0:07:28]} 34. Be1 {[%clk 0:06:20]} a4
{[%clk 0:07:06]} 35. Bc3 {[%clk 0:05:02]} Ke8 {[%clk 0:06:55]} 36. Bd4
{[%clk 0:05:00]} Kd7 {[%clk 0:06:52]} 37. Bg7 {[%clk 0:04:47]} h5
{[%clk 0:06:52]} 38. h4 {[%clk 0:04:36]} Rc8 {[%clk 0:06:13]} 39. Be5
{[%clk 0:04:30]} Kc6 {[%clk 0:06:10]} 40. Bd6 {[%clk 0:04:22]} Nf6
{[%clk 0:05:45]} 41. Rc3 {[%clk 0:04:07]} Ne8 {[%clk 0:05:34]} 42. Be5
{[%clk 0:03:57]} Rd8 {[%clk 0:05:22]} 43. Ke2 {[%clk 0:03:48]} f6
{[%clk 0:05:13]} 44. Bd6 {[%clk 0:03:25]} Nxd6 {[%clk 0:05:12]} 45. cxd6+
{[%clk 0:03:23]} Kxd6 {[%clk 0:05:11]} 46. Rd3+ {[%clk 0:03:18]} Ke7
{[%clk 0:04:58]} 47. Rxd8 {[%clk 0:03:16]} Kxd8 {[%clk 0:04:57]} 48. Kd3
{[%clk 0:03:13]} Kc7 {[%clk 0:04:55]} 49. Kc3 {[%clk 0:02:40]} Kd6
{[%clk 0:04:52]} 50. Kd4 {[%clk 0:02:37]} e5+ {[%clk 0:04:49]} 51. fxe5+
{[%clk 0:02:29]} fxe5+ {[%clk 0:04:48]} 52. Ke4 {[%clk 0:02:25]} Ke6
{[%clk 0:04:47]} 0-1

[Event "II. rocnik Poharu plk. gst. Aloise Parala"]
[Site "?"]
[Date "2024.04.20"]
[Round "1.5"]
[White "Janicek, Jindrich"]
[Black "Kures, Miroslav"]
[Result "1-0"]
[BlackElo "1653"]
[WhiteElo "2013"]
[LiveChessVersion "1.4.8"]

1. Nf3 {[%clk 0:14:51]} d5 {[%clk 0:14:53]} 2. d4 {[%clk 0:14:47]} e6
{[%clk 0:14:52]} 3. c4 {[%clk 0:14:45]} c6 {[%clk 0:14:50]} 4. Nc3
{[%clk 0:14:43]} f5 {[%clk 0:14:49]} 5. g3 {[%clk 0:14:37]} Nf6 {[%clk 0:14:47]}
6. Bg2 {[%clk 0:14:36]} Bd6 {[%clk 0:14:43]} 7. O-O {[%clk 0:14:34]} O-O
{[%clk 0:14:40]} 8. b3 {[%clk 0:14:29]} Bd7 {[%clk 0:14:34]} 9. Qc2
{[%clk 0:14:04]} Be8 {[%clk 0:14:30]} 10. Bf4 {[%clk 0:13:52]} Ne4
{[%clk 0:13:59]} 11. Bxd6 {[%clk 0:13:36]} Qxd6 {[%clk 0:13:56]} 12. c5
{[%clk 0:13:23]} Qd8 {[%clk 0:13:41]} 13. Ne5 {[%clk 0:13:15]} Nd7
{[%clk 0:13:27]} 14. f4 {[%clk 0:11:40]} Bh5 {[%clk 0:13:05]} 15. Nxe4
{[%clk 0:11:11]} fxe4 {[%clk 0:12:52]} 16. e3 {[%clk 0:10:58]} Nxe5
{[%clk 0:12:42]} 17. dxe5 {[%clk 0:10:45]} a5 {[%clk 0:12:19]} 18. h3 h6 19. g4
{[%clk 0:10:06]} Bg6 {[%clk 0:11:06]} 20. Qd2 {[%clk 0:09:18]} Qe7
{[%clk 0:10:45]} 21. Qc3 {[%clk 0:08:54]} Qc7 {[%clk 0:09:48]} 22. Rf2
{[%clk 0:08:47]} b5 {[%clk 0:09:21]} 23. cxb6 {[%clk 0:08:07]} Qxb6
{[%clk 0:09:06]} 24. Rc1 {[%clk 0:07:32]} Rac8 {[%clk 0:08:17]} 25. Qc5
{[%clk 0:07:30]} Qb5 {[%clk 0:07:21]} 26. Rfc2 {[%clk 0:06:56]} Qd3
{[%clk 0:04:50]} 27. Rc3 {[%clk 0:06:12]} Qd2 {[%clk 0:04:48]} 28. R3c2
{[%clk 0:05:29]} Qb4 {[%clk 0:04:06]} 29. Qxb4 {[%clk 0:04:39]} axb4
{[%clk 0:04:04]} 30. Rxc6 {[%clk 0:04:36]} Rxc6 {[%clk 0:03:10]} 31. Rxc6
{[%clk 0:04:34]} Bf7 {[%clk 0:03:08]} 32. f5 {[%clk 0:04:09]} Re8
{[%clk 0:02:44]} 33. Rb6 {[%clk 0:03:58]} exf5 {[%clk 0:02:36]} 34. gxf5
{[%clk 0:03:54]} Rxe5 {[%clk 0:02:28]} 35. Rxb4 {[%clk 0:03:37]} Rxf5
{[%clk 0:02:27]} 36. Rb8+ {[%clk 0:03:11]} Kh7 {[%clk 0:02:24]} 37. a4
{[%clk 0:03:10]} Rf6 {[%clk 0:02:22]} 38. b4 {[%clk 0:03:00]} Bh5
{[%clk 0:02:15]} 39. Rb5 {[%clk 0:02:43]} Rd6 {[%clk 0:02:05]} 40. a5
{[%clk 0:02:30]} Be2 {[%clk 0:02:03]} 41. Rxd5 {[%clk 0:02:16]} Rxd5
{[%clk 0:01:57]} 42. Bxe4+ {[%clk 0:02:14]} Kg8 {[%clk 0:01:33]} 43. Bxd5+
{[%clk 0:02:12]} Kf8 {[%clk 0:01:32]} 44. Bc6 {[%clk 0:01:53]} Ke7
{[%clk 0:01:30]} 45. b5 {[%clk 0:01:52]} Kd6 {[%clk 0:01:28]} 46. a6
{[%clk 0:01:47]} Bxb5 {[%clk 0:00:52]} 47. Bxb5 {[%clk 0:01:45]} Kc7
{[%clk 0:00:51]} 48. Kf2 {[%clk 0:01:42]} Kb6 {[%clk 0:00:48]} 49. Kg3
{[%clk 0:01:41]} g6 {[%clk 0:00:41]} 50. h4 {[%clk 0:01:39]} Ka7 {[%clk 0:00:31]}
51. Kf4 {[%clk 0:01:36]} 1-0

[Event "II. rocnik Poharu plk. gst. Aloise Parala"]
[Site "?"]
[Date "2024.04.20"]
[Round "1.6"]
[White "Kovacs, Ivan"]
[Black "Svetly, Jiri"]
[Result "0-1"]
[BlackElo "1981"]
[WhiteElo "1687"]
[LiveChessVersion "1.4.8"]

1. d4 {[%clk 0:14:56]} Nf6 {[%clk 0:14:57]} 2. e3 {[%clk 0:14:55]} d5
{[%clk 0:14:46]} 3. Nf3 {[%clk 0:14:52]} e6 {[%clk 0:14:29]} 4. g3
{[%clk 0:14:50]} c5 {[%clk 0:14:26]} 5. Bg2 {[%clk 0:14:46]} Nc6 {[%clk 0:14:14]}
6. O-O {[%clk 0:14:41]} Bd6 {[%clk 0:14:04]} 7. b3 {[%clk 0:14:34]} b5
{[%clk 0:13:56]} 8. Bb2 {[%clk 0:14:30]} c4 {[%clk 0:13:37]} 9. bxc4
{[%clk 0:13:53]} bxc4 {[%clk 0:13:34]} 10. Ba3 {[%clk 0:13:45]} Qe7
{[%clk 0:13:16]} 11. Bxd6 {[%clk 0:13:31]} Qxd6 {[%clk 0:13:14]} 12. Nc3
{[%clk 0:13:10]} a6 {[%clk 0:13:08]} 13. Na4 {[%clk 0:12:59]} Nd7
{[%clk 0:12:33]} 14. Rb1 {[%clk 0:12:41]} O-O {[%clk 0:12:28]} 15. Nb6
{[%clk 0:11:55]} Rb8 {[%clk 0:11:48]} 16. Nxd7 {[%clk 0:11:44]} Bxd7
{[%clk 0:11:47]} 17. Qd2 {[%clk 0:11:20]} Qa3 {[%clk 0:11:16]} 18. c3
{[%clk 0:11:11]} f6 {[%clk 0:10:56]} 19. Bh3 {[%clk 0:10:56]} Rb5
{[%clk 0:10:46]} 20. Rxb5 {[%clk 0:09:50]} axb5 {[%clk 0:10:44]} 21. Rb1
{[%clk 0:09:47]} Ne7 {[%clk 0:10:00]} 22. Qc1 {[%clk 0:09:20]} Ra8
{[%clk 0:09:56]} 23. Qxa3 {[%clk 0:08:58]} Rxa3 {[%clk 0:09:54]} 24. Rb2
{[%clk 0:08:50]} Rxc3 {[%clk 0:09:49]} 25. Nd2 {[%clk 0:07:39]} Rc1+
{[%clk 0:09:46]} 26. Bf1 {[%clk 0:07:13]} c3 0-1

[Event "II. rocnik Poharu plk. gst. Aloise Parala"]
[Site "?"]
[Date "2024.04.20"]
[Round "1.7"]
[White "Moucka, Jiri"]
[Black "Rezny, Frantisek"]
[Result "1/2-1/2"]
[BlackElo "1690"]
[WhiteElo "1986"]
[LiveChessVersion "1.4.8"]

1. e4 {[%clk 0:14:57]} d5 {[%clk 0:14:53]} 2. exd5 {[%clk 0:14:56]} Qxd5
{[%clk 0:14:51]} 3. Nc3 {[%clk 0:14:54]} Qd8 {[%clk 0:14:49]} 4. d4
{[%clk 0:14:50]} Nf6 {[%clk 0:14:47]} 5. h3 {[%clk 0:14:40]} e6 {[%clk 0:14:41]}
6. Nf3 {[%clk 0:14:37]} Be7 {[%clk 0:14:25]} 7. Bd3 {[%clk 0:14:28]} O-O
{[%clk 0:14:20]} 8. O-O {[%clk 0:14:26]} c6 {[%clk 0:14:08]} 9. Ne5
{[%clk 0:14:08]} Nbd7 {[%clk 0:13:20]} 10. Re1 {[%clk 0:14:00]} Nd5
{[%clk 0:13:00]} 11. Qh5 {[%clk 0:12:26]} f5 {[%clk 0:11:26]} 12. Nxd5
{[%clk 0:11:34]} cxd5 {[%clk 0:11:21]} 13. g4 {[%clk 0:11:00]} Nxe5
{[%clk 0:10:24]} 14. dxe5 {[%clk 0:10:18]} g6 {[%clk 0:09:29]} 15. Qh6
{[%clk 0:10:15]} Bd7 {[%clk 0:08:54]} 16. Kh2 {[%clk 0:10:00]} Rf7
{[%clk 0:08:40]} 17. gxf5 {[%clk 0:09:20]} Bf8 {[%clk 0:08:12]} 18. Qe3
{[%clk 0:08:10]} gxf5 {[%clk 0:07:58]} 19. Bd2 {[%clk 0:07:45]} b6
{[%clk 0:07:29]} 20. Rg1+ {[%clk 0:07:37]} Rg7 {[%clk 0:07:08]} 21. Rxg7+
{[%clk 0:07:36]} Bxg7 {[%clk 0:07:06]} 22. Rg1 {[%clk 0:07:35]} Kh8
{[%clk 0:06:58]} 23. Qg3 {[%clk 0:06:38]} Qe7 {[%clk 0:06:32]} 24. Bb4
{[%clk 0:06:19]} Qf7 {[%clk 0:06:11]} 25. Be2 {[%clk 0:06:11]} Rg8
{[%clk 0:06:06]} 26. Qh4 {[%clk 0:05:42]} Bxe5+ {[%clk 0:05:47]} 27. f4
{[%clk 0:05:35]} Rxg1 {[%clk 0:05:33]} 28. Kxg1 {[%clk 0:05:26]} Bd4+
{[%clk 0:05:19]} 29. Kh2 {[%clk 0:04:58]} Qg6 {[%clk 0:04:59]} 30. Qd8+
{[%clk 0:03:27]} Qg8 {[%clk 0:04:50]} 31. Qxg8+ {[%clk 0:03:17]} Kxg8
{[%clk 0:04:49]} 32. c3 {[%clk 0:03:12]} Bf6 {[%clk 0:04:44]} 33. Bd6
{[%clk 0:03:07]} Kg7 {[%clk 0:04:31]} 34. Ba6 {[%clk 0:02:51]} Kf7
{[%clk 0:04:17]} 35. Bb8 {[%clk 0:02:49]} Bd8 {[%clk 0:03:41]} 1/2-1/2

[Event "II. rocnik Poharu plk. gst. Aloise Parala"]
[Site "?"]
[Date "2024.04.20"]
[Round "2.1"]
[White "Svetly, Jiri"]
[Black "Buchnicek, Petr"]
[Result "0-1"]
[BlackElo "2212"]
[WhiteElo "1981"]
[LiveChessVersion "1.4.8"]

1. d4 {[%clk 0:14:57]} f5 {[%clk 0:14:57]} 2. c4 {[%clk 0:14:52]} Nf6
{[%clk 0:14:55]} 3. g3 {[%clk 0:14:40]} e6 {[%clk 0:14:53]} 4. Bg2
{[%clk 0:14:36]} d5 {[%clk 0:14:51]} 5. Nf3 {[%clk 0:13:25]} c6 {[%clk 0:14:47]}
6. Qc2 {[%clk 0:13:15]} Bd6 {[%clk 0:14:43]} 7. O-O {[%clk 0:13:10]} O-O
{[%clk 0:14:41]} 8. b3 {[%clk 0:12:56]} Qe7 {[%clk 0:14:38]} 9. Bb2
{[%clk 0:12:46]} Ne4 {[%clk 0:14:30]} 10. Ne5 {[%clk 0:12:26]} Nd7
{[%clk 0:14:09]} 11. Nxd7 {[%clk 0:12:19]} Bxd7 {[%clk 0:14:07]} 12. Nd2
{[%clk 0:11:33]} Nxd2 {[%clk 0:13:53]} 13. Qxd2 {[%clk 0:11:30]} f4
{[%clk 0:13:51]} 14. Rae1 {[%clk 0:10:50]} Rf6 {[%clk 0:12:14]} 15. Qd3
{[%clk 0:09:36]} Raf8 {[%clk 0:12:05]} 16. e4 {[%clk 0:08:52]} fxe3
{[%clk 0:11:10]} 17. Rxe3 {[%clk 0:08:19]} Qf7 {[%clk 0:11:01]} 18. f4
{[%clk 0:07:57]} g5 {[%clk 0:08:21]} 19. fxg5 {[%clk 0:07:49]} Rxf1+
{[%clk 0:08:19]} 20. Bxf1 {[%clk 0:07:30]} Qf2+ {[%clk 0:08:15]} 21. Kh1
{[%clk 0:07:15]} Qxf1+ {[%clk 0:08:02]} 22. Qxf1 {[%clk 0:07:13]} Rxf1+
{[%clk 0:08:01]} 23. Kg2 {[%clk 0:07:12]} Rb1 {[%clk 0:07:22]} 24. Re2
{[%clk 0:07:02]} Kf7 {[%clk 0:06:57]} 25. h4 {[%clk 0:06:58]} Ke7
{[%clk 0:06:49]} 26. h5 {[%clk 0:05:52]} Be8 {[%clk 0:06:47]} 27. g4
{[%clk 0:05:51]} Bf4 {[%clk 0:06:38]} 28. cxd5 cxd5 29. Rc2 {[%clk 0:03:26]} Kd7
{[%clk 0:06:30]} 30. Bc3 {[%clk 0:01:57]} Bxg5 {[%clk 0:06:26]} 31. Bd2
{[%clk 0:01:55]} Bf6 {[%clk 0:06:12]} 32. Be3 {[%clk 0:01:53]} Rd1
{[%clk 0:06:11]} 33. Bf4 {[%clk 0:01:49]} Rxd4 {[%clk 0:05:59]} 34. Rc7+
{[%clk 0:01:44]} Kd8 {[%clk 0:05:57]} 35. Bg3 {[%clk 0:01:37]} Rd2+
{[%clk 0:05:47]} 36. Kh3 {[%clk 0:01:09]} Rd3 {[%clk 0:05:37]} 37. Kg2
{[%clk 0:00:18]} Rxg3+ {[%clk 0:05:35]} 38. Kxg3 {[%clk 0:00:17]} Kxc7 0-1

[Event "II. rocnik Poharu plk. gst. Aloise Parala"]
[Site "?"]
[Date "2024.04.20"]
[Round "2.2"]
[White "Bures, Vit"]
[Black "Kalendovsky, Jan"]
[Result "1-0"]
[BlackElo "1938"]
[WhiteElo "2182"]
[LiveChessVersion "1.4.8"]

1. d4 {[%clk 0:14:52]} c5 {[%clk 0:14:49]} 2. d5 {[%clk 0:14:51]} e5
{[%clk 0:14:47]} 3. e4 {[%clk 0:14:50]} d6 {[%clk 0:14:46]} 4. Bb5+
{[%clk 0:14:48]} Bd7 {[%clk 0:14:44]} 5. a4 {[%clk 0:14:47]} a6 {[%clk 0:14:42]}
6. Bd3 {[%clk 0:14:46]} g6 {[%clk 0:14:38]} 7. Nd2 {[%clk 0:14:17]} Qa5
{[%clk 0:13:22]} 8. Ra3 {[%clk 0:13:07]} Bh6 {[%clk 0:12:56]} 9. Ne2
{[%clk 0:12:12]} Ne7 {[%clk 0:12:44]} 10. O-O {[%clk 0:12:01]} Bxd2
{[%clk 0:12:30]} 11. Bxd2 {[%clk 0:12:00]} Qc7 {[%clk 0:12:07]} 12. c4
{[%clk 0:11:34]} a5 {[%clk 0:11:38]} 13. f4 {[%clk 0:11:12]} Na6 {[%clk 0:10:52]}
14. Bb1 {[%clk 0:09:27]} O-O-O {[%clk 0:10:22]} 15. fxe5 {[%clk 0:09:12]} dxe5
{[%clk 0:10:19]} 16. Rxf7 {[%clk 0:08:55]} Bg4 {[%clk 0:08:18]} 17. Bg5
{[%clk 0:08:42]} 1-0

[Event "II. rocnik Poharu plk. gst. Aloise Parala"]
[Site "?"]
[Date "2024.04.20"]
[Round "2.3"]
[White "Rozumek, Vlastimil"]
[Black "Kulovana, Eva"]
[Result "0-1"]
[BlackElo "2070"]
[WhiteElo "2053"]
[LiveChessVersion "1.4.8"]

1. d4 {[%clk 0:14:57]} d5 {[%clk 0:14:59]} 2. Nf3 {[%clk 0:14:55]} Nf6
{[%clk 0:14:57]} 3. Bg5 {[%clk 0:14:53]} Ne4 {[%clk 0:14:48]} 4. Bh4
{[%clk 0:14:50]} c6 {[%clk 0:14:38]} 5. Nfd2 {[%clk 0:14:30]} Bf5
{[%clk 0:14:19]} 6. f3 {[%clk 0:14:09]} Nxd2 {[%clk 0:13:29]} 7. Nxd2
{[%clk 0:13:23]} Qb6 {[%clk 0:13:27]} 8. Nb3 {[%clk 0:13:22]} e6 {[%clk 0:13:21]}
9. e3 {[%clk 0:13:14]} Nd7 {[%clk 0:13:05]} 10. Bd3 {[%clk 0:13:10]} Bg6
{[%clk 0:13:02]} 11. O-O {[%clk 0:12:40]} c5 {[%clk 0:12:51]} 12. dxc5
{[%clk 0:12:25]} Nxc5 {[%clk 0:12:49]} 13. Bxg6 {[%clk 0:11:20]} hxg6
{[%clk 0:12:46]} 14. Bf2 {[%clk 0:11:17]} Nxb3 {[%clk 0:11:45]} 15. axb3
{[%clk 0:10:17]} Bd6 {[%clk 0:11:42]} 16. g3 {[%clk 0:09:04]} Qc7
{[%clk 0:11:23]} 17. c4 {[%clk 0:06:39]} dxc4 {[%clk 0:10:32]} 18. bxc4
{[%clk 0:06:34]} O-O {[%clk 0:10:26]} 19. b3 {[%clk 0:06:27]} a6 {[%clk 0:10:17]}
20. e4 {[%clk 0:06:22]} Rfd8 {[%clk 0:10:07]} 21. Qc1 {[%clk 0:06:03]} Be5
{[%clk 0:09:56]} 22. Ra2 {[%clk 0:05:43]} Bd4 {[%clk 0:09:53]} 23. Rd2
{[%clk 0:05:15]} Qb6 {[%clk 0:09:23]} 24. Qc2 {[%clk 0:04:49]} Bxf2+
{[%clk 0:09:07]} 25. Rdxf2 {[%clk 0:04:23]} Rd4 {[%clk 0:08:51]} 26. Kg2
{[%clk 0:04:20]} Rad8 {[%clk 0:08:47]} 27. Rb1 {[%clk 0:03:21]} Qb4
{[%clk 0:08:38]} 28. Rb2 {[%clk 0:03:21]} Rd3 {[%clk 0:08:24]} 29. c5
{[%clk 0:02:48]} Rc3 {[%clk 0:08:15]} 30. Qe2 {[%clk 0:02:20]} Rxc5
{[%clk 0:08:06]} 31. Qe3 {[%clk 0:02:11]} Rc3 {[%clk 0:08:03]} 32. Qg5
{[%clk 0:02:08]} Rdd3 {[%clk 0:07:04]} 33. Rbd2 {[%clk 0:01:56]} Rxb3
{[%clk 0:06:33]} 34. Rxd3 {[%clk 0:01:46]} Rxd3 {[%clk 0:06:31]} 35. Rc2
{[%clk 0:01:43]} Qf8 {[%clk 0:04:46]} 36. Qc1 {[%clk 0:01:42]} Rd8
{[%clk 0:04:31]} 37. Rc7 {[%clk 0:01:41]} b5 {[%clk 0:04:05]} 38. Qc6
{[%clk 0:01:32]} Qd6 {[%clk 0:03:45]} 39. Qb7 {[%clk 0:01:23]} Rf8
{[%clk 0:03:20]} 40. Kh3 {[%clk 0:01:19]} Qd3 {[%clk 0:03:08]} 41. e5
{[%clk 0:01:01]} a5 {[%clk 0:02:56]} 42. Rc5 {[%clk 0:00:56]} a4 {[%clk 0:02:25]}
43. Rxb5 {[%clk 0:00:47]} Qf5+ {[%clk 0:02:19]} 44. Kg2 {[%clk 0:00:45]} Rd8
{[%clk 0:02:16]} 45. Rb2 {[%clk 0:00:43]} Qxe5 {[%clk 0:02:07]} 46. Qb4
{[%clk 0:00:39]} Qd4 {[%clk 0:02:01]} 47. Qxd4 {[%clk 0:00:28]} Rxd4
{[%clk 0:01:59]} 48. Rb8+ {[%clk 0:00:27]} Kh7 {[%clk 0:01:58]} 49. Ra8
{[%clk 0:00:26]} g5 {[%clk 0:01:56]} 50. h4 {[%clk 0:00:24]} gxh4
{[%clk 0:01:55]} 51. gxh4 {[%clk 0:00:23]} Rxh4 {[%clk 0:01:52]} 52. Kg3
{[%clk 0:00:21]} Rb4 {[%clk 0:01:50]} 53. f4 {[%clk 0:00:20]} Kg6
{[%clk 0:01:48]} 54. Kf3 {[%clk 0:00:19]} f6 {[%clk 0:01:44]} 55. Ra5
{[%clk 0:00:18]} Rb3+ {[%clk 0:01:41]} 56. Ke4 {[%clk 0:00:18]} a3
{[%clk 0:01:39]} 57. Kd4 {[%clk 0:00:17]} Kf7 {[%clk 0:01:25]} 58. Ke4
{[%clk 0:00:16]} Kg6 {[%clk 0:01:08]} 59. Kd4 {[%clk 0:00:15]} Rh3 60. Ke4 Rh5
{[%clk 0:01:01]} 61. Kf3 {[%clk 0:00:14]} Rxa5 {[%clk 0:00:59]} 0-1